Statistics for Paul Walker Quiz

Click here to take the quiz!

General Stats

  • This quiz has been taken 200 times
  • The average score is 7 of 17

Answer Stats

QuestionsAnswer% Correct
The year he was born?1973
91%
Cause of death?Car Accident
88%
The last film Paul Walker starred in?Fast and Furious 7
82%
Who named their daughter in tribute to him?Vin Diesel
56%
Who replaced Paul Walker in Furious 7?Cody Walker
51%
What is Paul's Daughter called?Meadow Rain Walker
50%
What was the daughter called?Pauline Diesel
38%
Who died along with Paul Walker?Roger Rodas
38%
What film that is based during Hurricane Katrina does he star in?Hours
36%
What is the name of the charity he founded?Reach Out Worldwide
32%
What heist film does Paul Walker act in?Takers
23%
Last car he drove in Furious 7?Toyota Supra
21%
His famous quote?If one day speed kills me, do not cry because I was smiling
14%
How much did the R34 Nissan Skyline sell for(to the closest million)?4 million
12%
What was he before an actor?Model
12%
Paul got an offer to play a role in a Fox Marvel film, what film was it?The Fantastic Four (The Human Torch)
6%
What 2005 movie was Paul offered a role for but turned down?Dukes of Hazard (Bo)
3%

Score Distribution

Percentile by Number Answered

Percent of People with Each Score

Your Score History

You have not taken this quiz